Introducción a la psicología jurídica / (Record no. 112586)

MARC details
000 -LEADER
campo de control de longitud fija 00908nam a2200277 i 4500
001 - NÚMERO DE CONTROL
campo de control 112586
003 - IDENTIFICADOR DE NÚMERO DE CONTROL
campo de control ES-MaACL
005 - FECHA Y HORA DE LA ÚLTIMA TRANSACCIÓN
campo de control 20250822033120.0
007 - CAMPO FIJO DE DESCRIPCIÓN FÍSICA--INFORMACIÓN GENERAL
campo de control de longitud fija t|
008 - DATOS DE LONGITUD FIJA--INFORMACIÓN GENERAL
campo de control de longitud fija 061121s1980 mx r ||||1| spa d
020 ## - NÚMERO INTERNACIONAL ESTÁNDAR DEL LIBRO
Número Internacional Estándar del Libro 968-24-0887-3
080 ## - NÚMERO DE LA CLASIFICACIÓN DECIMAL UNIVERSAL
Número de la Clasificación Decimal Universal 159.9:34
100 1# - ENTRADA PRINCIPAL--NOMBRE DE PERSONA
Nombre de persona Muñoz Sabaté, Luis.
9 (RLIN) 84495
245 10 - MENCIÓN DEL TÍTULO
Título Introducción a la psicología jurídica /
Mención de responsabilidad, etc. Lluis Muñoz Sabaté, Ramón Bayés, Frederic Munné ; prefacio de Helio Carpintero.
250 ## - MENCION DE EDICION
Mención de edición 1ª ed.
260 ## - PUBLICACIÓN, DISTRIBUCIÓN, ETC.
Lugar de publicación, distribución, etc. México :
Nombre del editor, distribuidor, etc. Trillas,
Fecha de publicación, distribución, etc. 1980.
300 ## - DESCRIPCIÓN FÍSICA
Extensión 186 p. ;
Dimensiones 23 cm.
490 1# - MENCIÓN DE SERIE
Mención de serie Biblioteca de psicología científica
650 #7 - PUNTO DE ACCESO ADICIONAL DE MATERIA--TÉRMINO DE MATERIA
Término de materia o nombre geográfico como elemento de entrada Psicología legal
Fuente del encabezamiento o término embne
9 (RLIN) 16568
700 1# - ENTRADA AGREGADA--NOMBRE PERSONAL
Nombre de persona Bayés, Ramón.
9 (RLIN) 26661
700 1# - ENTRADA AGREGADA--NOMBRE PERSONAL
Nombre de persona Munné , Frederic.
9 (RLIN) 84211
700 1# - ENTRADA AGREGADA--NOMBRE PERSONAL
Nombre de persona Carpintero, Helio (
Fechas asociadas al nombre 1939-)
9 (RLIN) 172420
830 1# - PUNTO DE ACCESO ADICIONAL DE SERIE-TÍTULO UNIFORME
Título uniforme Biblioteca de psicología científica
9 (RLIN) 233139
852 4# - LOCALIZACIÓN
Ubicación ES-MaACL
Número de control de estantería L-10628
Holdings
Estatus retirado Estado de pérdida Estado de daño No para préstamo Biblioteca de origen Biblioteca actual Ubicación en estantería Fecha de adquisición Fuente de adquisición Total de préstamos Signatura topográfica completa Código de barras Visto por última vez Precio de reemplazo Tipo de ítem Koha
        Biblioteca del Ateneo de Madrid Biblioteca del Ateneo de Madrid Depósito 2 17/01/2008     L-10628 1117438 23/02/2023 23/02/2023 Libro impreso